| 000 | 01464nam a2200313 a 4500 | ||
|---|---|---|---|
| 001 | 37463 | ||
| 003 | BD-RjUL | ||
| 005 | 20211209052619.0 | ||
| 008 | 150120s1987 acaab b 100 0 eng d | ||
| 020 | _a0949511293 | ||
| 035 | _a1197594 | ||
| 040 |
_a3093 _beng _c3093 _dXNTU |
||
| 041 | _aeng | ||
| 082 | 0 | 4 |
_a633.10468 _219 _bTEC 1987 |
| 245 | 1 | 0 |
_aTechnological change in postharvest handling and transportation of grains in the humid tropics : _bproceedings of an international seminar held at Bangkok, Thailand, 10-12 September 1986 / _ceditors: B.R. Champ, E. Highley and J.V. Remenyi. |
| 260 |
_aCanberra : _bAustralian Centre for International Agricultural Research, _c1987. |
||
| 300 |
_a208 p. : _bill., maps ; _c24 cm. |
||
| 500 | _aSponsored by: Australian Centre for International Agricultural Research (ACIAR), Department of Agriculture, Thailand and ASEAN Food Handling Bureau (AFHB) | ||
| 504 | _aIncludes bibliographical references. | ||
| 540 |
_aCopyright _bCentre for International Agricultural Research. |
||
| 650 | 0 |
_aGrain _xTransportation _zTropics _vCongresses. _9115040 |
|
| 650 | 0 |
_aGrain _xPostharvest technology _zTropics _vCongresses. _9115041 |
|
| 700 | 1 |
_aChamp, B. R. _q(Bruce R.) _9115042 |
|
| 700 | 1 |
_aHighley, E. _9115043 |
|
| 700 | 1 |
_aRemenyi, J. V. _q(Joseph Vincent) _9115044 |
|
| 710 | 2 |
_aAustralian Centre for International Agricultural Research. _9114930 |
|
| 942 |
_2ddc _cBK |
||
| 999 |
_c37463 _d37463 |
||